[Event "Alta CC-ch"]
[Site "Alta"]
[Date "2012.02.15"]
[Round "5"]
[White "Bakke, Jan Gunnar"]
[Black "Mikalsen, Odd Erling"]
[Result "0-1"]
[WhiteElo "1224"]
[BlackElo "1783"]
[PlyCount "80"]
[EventDate "2012.01.18"]
[EventType "swiss"]
[EventRounds "10"]
[EventCountry "NOR"]
[SourceTitle "EXT 2024"]
[Source "ChessBase"]
[SourceDate "2023.10.10"]
[SourceVersion "1"]
[SourceVersionDate "2023.10.10"]
[SourceQuality "1"]

1. Nf3 d6 2. c4 Nf6 3. Nc3 g6 4. d4 Bg7 5. e3 0-0 6. Be2 c5 7. 0-0 Na6 8. Re1 Rb8 9. Ng5 b6 10. Nge4 Nd7 11. Nb5 Bb7 12. Ng3 Ra8 13. a3 Nc7 14. Nc3 Rc8 15. Rb1 cxd4 16. exd4 Ne6 17. Be3 Nf6 18. Rc1 h5 19. b3 h4 20. Nf1 d5 21. Bf3 Qd7 22. Ne2 Rfd8 23. Qd2 dxc4 24. Bxb7 Qxb7 25. Rxc4 Qe4 26. Rec1 Rxc4 27. Rxc4 g5 28. Qc2 Qb7 29. h3 g4 30. hxg4 Nxg4 31. Nh2 Nf6 32. Nf3 h3 33. Rc6 hxg2 34. Kxg2 Nd5 35. Kg1 Nc5 36. Rh6 Nxe3 37. Qh7+ Kf8 38. Qh8+ Bxh8 39. Rxh8+ Kg7 40. Rxd8 Qxf3 0-1

[Event "NOR-ch Noth B"]
[Site "Alta"]
[Date "2011.05.14"]
[Round "2"]
[White "Bakke, Jan Gunnar"]
[Black "Arild, Steinar"]
[Result "1-0"]
[WhiteElo "1226"]
[BlackElo "1164"]
[PlyCount "93"]
[EventDate "2011.05.13"]
[EventType "swiss"]
[EventRounds "5"]
[EventCountry "NOR"]
[SourceTitle "EXT 2024"]
[Source "ChessBase"]
[SourceDate "2023.10.10"]
[SourceVersion "1"]
[SourceVersionDate "2023.10.10"]
[SourceQuality "1"]

1. Nf3 d5 2. c4 e6 3. Nc3 Nf6 4. d4 Bb4 5. e3 0-0 6. Bd3 b6 7. a3 Bxc3+ 8. bxc3 Bb7 9. 0-0 Nbd7 10. Re1 c5 11. Bb2 dxc4 12. Bxc4 Ne4 13. Bd3 Ng5 14. Nxg5 Qxg5 15. e4 Rad8 16. Bc1 Qe7 17. e5 f6 18. Qc2 f5 19. Re3 Rc8 20. Qa4 Ra8 21. Rh3 Be4 22. f4 Bxd3 23. Rxd3 cxd4 24. cxd4 Rfd8 25. Bd2 Qh4 26. Qc6 Qe7 27. Qf3 Nf8 28. Rc1 Rac8 29. Rxc8 Rxc8 30. Rc3 Qd7 31. Rxc8 Qxc8 32. Qc3 Qb7 33. Kf2 Ng6 34. Qf3 Qd7 35. g3 Qxd4+ 36. Ke1 Qg1+ 37. Ke2 Qxh2+ 38. Kd3 Nf8 39. Bb4 a5 40. Bxf8 Kxf8 41. Qa8+ Kf7 42. Qb7+ Kg6 43. Qxb6 Qxg3+ 44. Kc2 Qg2+ 45. Kc3 Qd5 46. Qg1+ Kh6 47. Qg5# 1-0

[Event "NOR-ch Noth B"]
[Site "Alta"]
[Date "2011.05.13"]
[Round "1"]
[White "Hestvik, Johann"]
[Black "Bakke, Jan Gunnar"]
[Result "1/2-1/2"]
[WhiteElo "916"]
[BlackElo "1226"]
[PlyCount "86"]
[EventDate "2011.05.13"]
[EventType "swiss"]
[EventRounds "5"]
[EventCountry "NOR"]
[SourceTitle "EXT 2024"]
[Source "ChessBase"]
[SourceDate "2023.10.10"]
[SourceVersion "1"]
[SourceVersionDate "2023.10.10"]
[SourceQuality "1"]

1. d4 d5 2. c4 Nf6 3. Nf3 e6 4. e3 Nc6 5. Nc3 Be7 6. Be2 0-0 7. 0-0 b6 8. a3 a5 9. Bd2 Bb7 10. Qc2 dxc4 11. Ne5 Nxe5 12. dxe5 Nd7 13. f4 Nc5 14. Bxc4 Qd7 15. Nb5 Qc6 16. Bc3 Ne4 17. Bd3 Bc5 18. Nd4 Bxd4 19. exd4 g6 20. Rac1 Rfd8 21. Be2 Nxc3 22. Bf3 Nd5 23. Qxc6 Bxc6 24. Rxc6 Nxf4 25. Rxc7 Rab8 26. g3 Nd3 27. Be2 Rxd4 28. Rfxf7 Nxe5 29. Rg7+ Kf8 30. Rxh7 Kg8 31. Rb7 Rxb7 32. Rxb7 Rd6 33. Kf2 Nf7 34. Bc4 Kg7 35. h4 Kf6 36. Ke3 Ne5 37. Be2 Nf7 38. Rb8 Ne5 39. g4 Nf7 40. Rg8 Ne5 41. h5 Kf7 42. Rc8 Kg7 43. Kf4 Nd7 1/2-1/2

[Event "Alta Spring"]
[Site "Alta"]
[Date "2011.04.06"]
[Round "5"]
[White "Bakke, Jan Gunnar"]
[Black "Mikalsen, Odd Erling"]
[Result "0-1"]
[WhiteElo "1238"]
[BlackElo "1779"]
[PlyCount "110"]
[EventDate "2011.03.23"]
[EventType "swiss"]
[EventRounds "13"]
[EventCountry "NOR"]
[SourceTitle "EXT 2024"]
[Source "ChessBase"]
[SourceDate "2023.10.10"]
[SourceVersion "1"]
[SourceVersionDate "2023.10.10"]
[SourceQuality "1"]

1. Nf3 f5 2. d4 e6 3. c4 Nf6 4. Nc3 Bb4 5. a3 Bxc3+ 6. bxc3 0-0 7. Bf4 Ne4 8. Qb3 b6 9. Nd2 Nc6 10. Rc1 Ba6 11. Nxe4 fxe4 12. e3 Qe7 13. Be2 Kh8 14. h4 Na5 15. Qa2 Rf5 16. a4 d6 17. Rb1 Raf8 18. Bg3 Qf6 19. Rf1 c5 20. Kd2 e5 21. d5 Qf7 22. Ke1 h6 23. Kd2 Qg6 24. Ke1 Qxg3 25. fxg3 Rxf1+ 26. Bxf1 Rxf1+ 27. Kxf1 Bxc4+ 28. Qxc4 Nxc4 29. Ke2 Kg8 30. Rf1 g6 31. g4 Kg7 32. Re1 Kf6 33. Rb1 Ke7 34. Rf1 a6 35. g5 hxg5 36. hxg5 b5 37. axb5 axb5 38. Rf6 Nb6 39. Rxg6 Nxd5 40. Kd2 b4 41. cxb4 cxb4 42. Rg7+ Ke6 43. Rg6+ Ke7 44. Rg7+ Ke6 45. Rg6+ Kd7 46. Rg7+ Ne7 47. Kc2 Ke6 48. Kb3 Nf5 49. Rg6+ Ke7 50. Kxb4 Nxe3 51. Kb5 Nxg2 52. Kc6 e3 53. Rxd6 e2 54. Rd7+ Kf8 55. g6 e1Q 0-1

[Event "Alta ASK CC-ch"]
[Site "Alta"]
[Date "2009.01.27"]
[Round "2"]
[White "Bakke, Jan Gunnar"]
[Black "Martinsen, Harald"]
[Result "0-1"]
[WhiteElo "1198"]
[BlackElo "1205"]
[PlyCount "118"]
[EventDate "2009.01.20"]
[EventType "swiss"]
[EventRounds "10"]
[EventCountry "NOR"]
[SourceTitle "EXT 2011"]
[Source "ChessBase"]
[SourceDate "2010.11.26"]
[SourceVersion "1"]
[SourceVersionDate "2010.11.26"]
[SourceQuality "1"]

1. Nf3 d6 2. Nc3 Nf6 3. b3 e5 4. e4 Be7 5. Bb2 c6 6. d4 Qa5 7. Qd2 exd4 8. Qxd4 Be6 9. Be2 d5 10. Nd2 c5 11. Qa4+ Qxa4 12. bxa4 a6 13. exd5 Nxd5 14. Nxd5 Bxd5 15. Bf3 Bxf3 16. Nxf3 0-0 17. 0-0 Nd7 18. Rab1 b6 19. Rfe1 Bd8 20. Re2 b5 21. axb5 axb5 22. a3 Bf6 23. Bxf6 Nxf6 24. Rxb5 Rxa3 25. Rxc5 Ra1+ 26. Re1 Ra2 27. h3 Rb8 28. Re7 h6 29. Nd4 Ra1+ 30. Kh2 Rd1 31. Nf3 g5 32. Rec7 Ne4 33. Rc8+ Rxc8 34. Rxc8+ Kg7 35. g4 Rf1 36. Nd4 Rxf2+ 37. Kg1 Rd2 38. Nf5+ Kg6 39. c4 Nf2 40. Rc6+ f6 41. Ne3 Nxh3+ 42. Kf1 Rd3 43. Nd5 Rd4 44. Rxf6+ Kg7 45. Kg2 Nf4+ 46. Rxf4 gxf4 47. Kf3 Rxc4 48. Nxf4 Kf6 49. Nd5+ Kg5 50. Ne3 Rc3 51. Ke4 Rc6 52. Ke5 Rg6 53. Ke4 Kh4 54. Kf3 Kh3 55. Kf4 Rf6+ 56. Nf5 Kg2 57. Ke5 Rb6 58. Ne3+ Kf3 59. Nd5 Rb5 0-1

[Event "Tromsoesjakken op"]
[Site "Tromsoe"]
[Date "2007.11.16"]
[Round "4"]
[White "Forsaa, Elise"]
[Black "Bakke, Jan Gunnar"]
[Result "0-1"]
[WhiteElo "1182"]
[BlackElo "1182"]
[PlyCount "64"]
[EventDate "2007.11.16"]
[EventType "swiss"]
[EventRounds "5"]
[EventCountry "NOR"]
[SourceTitle "EXT 2010"]
[Source "ChessBase"]
[SourceDate "2010.11.25"]
[SourceVersion "1"]
[SourceVersionDate "2010.11.25"]
[SourceQuality "1"]

1. d4 d5 2. c4 e6 3. Nc3 Nf6 4. Nf3 c6 5. Bf4 Be7 6. e3 Nbd7 7. Bd3 Nh5 8. Bg3 b6 9. a3 Bb7 10. cxd5 exd5 11. Nd2 Nxg3 12. hxg3 g6 13. f4 Qc7 14. Qf3 Nf6 15. g4 0-0-0 16. g5 Nh5 17. Be2 Kb8 18. Rc1 Qd6 19. Qf1 Ng3 20. Qg1 Nxh1 21. Qxh1 f6 22. gxf6 Bxf6 23. g3 Rde8 24. Kf2 Re7 25. Nf1 Rhe8 26. Rc2 h5 27. g4 hxg4 28. Bxg4 Rh8 29. Qf3 Reh7 30. Ke1 Qe7 31. Kd1 Ba6 32. Rf2 Bh4 0-1

[Event "Tromsoesjakken op"]
[Site "Tromsoe"]
[Date "2007.11.16"]
[Round "1"]
[White "Wang, Lyberg Andre"]
[Black "Bakke, Jan Gunnar"]
[Result "0-1"]
[WhiteElo "887"]
[BlackElo "1182"]
[PlyCount "48"]
[EventDate "2007.11.16"]
[EventType "swiss"]
[EventRounds "5"]
[EventCountry "NOR"]
[SourceTitle "EXT 2010"]
[Source "ChessBase"]
[SourceDate "2010.11.25"]
[SourceVersion "1"]
[SourceVersionDate "2010.11.25"]
[SourceQuality "1"]

1. c4 Nf6 2. Nc3 e6 3. d4 d5 4. cxd5 exd5 5. Nf3 c6 6. e3 Bf5 7. Bd3 Qc8 8. Bxf5 Qxf5 9. 0-0 Be7 10. Ne2 0-0 11. Ng3 Qc8 12. Ne5 Nbd7 13. Nxd7 Qxd7 14. Qd3 g6 15. a4 Rfe8 16. f3 Bd6 17. Re1 Qc7 18. f4 Bxf4 19. exf4 Rxe1+ 20. Kf2 Rae8 21. f5 Rxc1 22. Rxc1 Qf4+ 23. Qf3 Ng4+ 24. Kg1 Qxc1+ 0-1

[Event "Alta ASK CC-ch"]
[Site "Alta"]
[Date "2007.04.24"]
[Round "9"]
[White "Bakke, Jan Gunnar"]
[Black "Nilsen, Nils Henrik"]
[Result "0-1"]
[WhiteElo "1179"]
[BlackElo "1369"]
[PlyCount "60"]
[EventDate "2007.01.16"]
[EventType "swiss"]
[EventRounds "10"]
[EventCountry "NOR"]
[SourceTitle "EXT 2008"]
[Source "ChessBase"]
[SourceDate "2007.11.25"]
[SourceVersion "1"]
[SourceVersionDate "2007.11.25"]
[SourceQuality "1"]

1. c4 e6 2. g3 c6 3. Bg2 d5 4. cxd5 exd5 5. d4 Nf6 6. Nc3 Bf5 7. a3 Bd6 8. Nf3 0-0 9. 0-0 Nbd7 10. Bd2 Re8 11. Re1 Ne4 12. Qc1 Ndf6 13. Bg5 Qb6 14. Bxf6 Nxf6 15. e3 Re7 16. Bf1 Rae8 17. Na4 Qc7 18. Nc5 Qc8 19. Nd3 Ng4 20. b4 Re6 21. h3 Be4 22. Ng5 Nxf2 23. Nxf2 Bxg3 24. Ngxe4 dxe4 25. Ra2 Rg6 26. Kh1 Qf5 27. Bg2 Bxf2 28. Rf1 Rxg2 29. Kxg2 Qf3+ 30. Kh2 Qg3+ 0-1

[Event "Alta ASK CC-ch"]
[Site "Alta"]
[Date "2007.03.13"]
[Round "6"]
[White "Arild, Steinar"]
[Black "Bakke, Jan Gunnar"]
[Result "1/2-1/2"]
[WhiteElo "1162"]
[BlackElo "1179"]
[PlyCount "87"]
[EventDate "2007.01.16"]
[EventType "swiss"]
[EventRounds "10"]
[EventCountry "NOR"]
[SourceTitle "EXT 2008"]
[Source "ChessBase"]
[SourceDate "2007.11.25"]
[SourceVersion "1"]
[SourceVersionDate "2007.11.25"]
[SourceQuality "1"]

1. e4 e6 2. d4 d5 3. exd5 exd5 4. Nf3 Nf6 5. Be2 Be7 6. c3 Bf5 7. Bf4 Nbd7 8. Nbd2 Nh5 9. Be3 Nhf6 10. Qb3 Rb8 11. Bf4 0-0 12. Ne5 Nxe5 13. Bxe5 Be6 14. 0-0 Nd7 15. Bg3 Nb6 16. Nf3 Rc8 17. Qc2 c5 18. Bd3 g6 19. dxc5 Bxc5 20. Rfe1 Re8 21. Bh4 Be7 22. Bxe7 Rxe7 23. Nd4 Bd7 24. Re2 Rxe2 25. Qxe2 Qf6 26. Rf1 Re8 27. Qf3 Qxf3 28. Nxf3 Na4 29. Rb1 Nc5 30. Bf1 Kf8 31. h3 f6 32. b4 Ne6 33. g3 Ba4 34. Re1 Kf7 35. Bg2 Rd8 36. Rc1 a6 37. Nd2 Bc6 38. Rd1 Ba4 39. Re1 b6 40. Bf1 Nc7 41. Nf3 Re8 42. Re3 Rxe3 43. fxe3 Bb5 44. Bg2 1/2-1/2

[Event "Alta ASK CC-ch"]
[Site "Alta"]
[Date "2007.02.20"]
[Round "4"]
[White "Mikalsen, Erlend"]
[Black "Bakke, Jan Gunnar"]
[Result "1-0"]
[WhiteElo "1330"]
[BlackElo "1179"]
[PlyCount "61"]
[EventDate "2007.01.16"]
[EventType "swiss"]
[EventRounds "10"]
[EventCountry "NOR"]
[SourceTitle "EXT 2008"]
[Source "ChessBase"]
[SourceDate "2007.11.25"]
[SourceVersion "1"]
[SourceVersionDate "2007.11.25"]
[SourceQuality "1"]

1. e4 e6 2. f4 d6 3. Nc3 Ne7 4. Nf3 Bd7 5. g3 c5 6. Bg2 Nbc6 7. d3 Nc8 8. 0-0 Be7 9. h3 Rb8 10. g4 b5 11. Qe1 Qc7 12. f5 Bf6 13. Ne2 Nd4 14. Nexd4 Bxd4+ 15. Kh1 Rb6 16. c3 Be5 17. g5 g6 18. Nxe5 dxe5 19. fxg6 hxg6 20. Qf2 Rh7 21. Be3 Rc6 22. d4 Kf8 23. d5 Ra6 24. Bxc5+ Kg8 25. b4 exd5 26. h4 dxe4 27. Bxe4 Bc6 28. Bxc6 Qxc6+ 29. Kg1 Qe4 30. Rad1 Rc6 31. Rd8+ 1-0

[Event "Alta ASK op"]
[Site "Alta"]
[Date "2006.09.19"]
[Round "3"]
[White "Rist, Karl Johan"]
[Black "Bakke, Jan Gunnar"]
[Result "1-0"]
[WhiteElo "1256"]
[BlackElo "1179"]
[PlyCount "59"]
[EventDate "2006.09.05"]
[EventType "swiss"]
[EventRounds "10"]
[EventCountry "NOR"]
[SourceTitle "EXT 2008"]
[Source "ChessBase"]
[SourceDate "2007.11.25"]
[SourceVersion "1"]
[SourceVersionDate "2007.11.25"]
[SourceQuality "1"]

1. e4 e6 2. d4 d5 3. e5 c5 4. c3 Nc6 5. Nf3 Qb6 6. Bd3 Nge7 7. Bc2 Ng6 8. 0-0 Be7 9. b3 Bd7 10. Be3 cxd4 11. cxd4 Nb4 12. Bxg6 hxg6 13. Nc3 Qd8 14. Rc1 Rh5 15. Qd2 Na6 16. Ne2 Bb4 17. Qd3 Ba3 18. Rcd1 Nb4 19. Qb1 Bb5 20. Nf4 Rf5 21. Rfe1 Rc8 22. Rd2 Na6 23. g4 Rxf4 24. Bxf4 Bb4 25. Ng5 Bxd2 26. Bxd2 Qe7 27. a4 Bc6 28. Rc1 Nb4 29. Nf3 Qd7 30. Bxb4 1-0

[Event "Alta ASK CC-ch"]
[Site "Alta"]
[Date "2006.03.28"]
[Round "10"]
[White "Bakke, Jan Gunnar"]
[Black "Mikalsen, Odd Erling"]
[Result "0-1"]
[WhiteElo "1189"]
[BlackElo "1576"]
[PlyCount "50"]
[EventDate "2006.01.17"]
[EventType "swiss"]
[EventRounds "10"]
[EventCountry "NOR"]
[SourceTitle "EXT 2008"]
[Source "ChessBase"]
[SourceDate "2007.11.25"]
[SourceVersion "1"]
[SourceVersionDate "2007.11.25"]
[SourceQuality "1"]

1. d4 Nf6 2. c4 e5 3. d5 Bc5 4. e3 0-0 5. Nc3 d6 6. a3 a5 7. Be2 Ne8 8. Bf3 f5 9. g3 f4 10. e4 c6 11. Qc2 cxd5 12. cxd5 Bd7 13. Qe2 Na6 14. h4 fxg3 15. fxg3 Qb6 16. Nh3 Qb3 17. Ng5 h6 18. Ne6 Bxe6 19. dxe6 Qxe6 20. Bg4 Bf2+ 21. Kd2 Qb3 22. Rf1 Bxg3 23. Rxf8+ Kxf8 24. Qf1+ Nf6 25. h5 Bf4+ 0-1

[Event "Barents Region-chB"]
[Site "Arta"]
[Date "2004.06.20"]
[Round "6"]
[White "Bakke, Jan Gunnar"]
[Black "Malin, Odd Gunnar"]
[Result "0-1"]
[WhiteElo "1173"]
[BlackElo "1496"]
[PlyCount "64"]
[EventDate "2004.06.18"]
[EventType "swiss"]
[EventRounds "6"]
[EventCountry "NOR"]
[SourceTitle "EXT 2007"]
[Source "ChessBase"]
[SourceDate "2006.11.23"]
[SourceVersion "1"]
[SourceVersionDate "2006.11.23"]
[SourceQuality "1"]

1. d4 Nf6 2. c4 e6 3. Nf3 b6 4. Bf4 Bb7 5. e3 Be7 6. h3 0-0 7. Nc3 c5 8. dxc5 Bxc5 9. Be2 d5 10. a3 a6 11. 0-0 Re8 12. Rc1 Nbd7 13. Na4 Be7 14. Ne5 Nxe5 15. Bxe5 dxc4 16. Bd4 b5 17. Nc3 Qc7 18. Bxf6 Bxf6 19. Bf3 Red8 20. Qe2 Rd7 21. Rfd1 Rad8 22. Rxd7 Rxd7 23. Rd1 g6 24. Rxd7 Qxd7 25. Bxb7 Qxb7 26. Qd2 Qc7 27. Ne4 Be7 28. g3 Qd8 29. Qxd8+ Bxd8 30. Nc5 Bf6 31. b4 c3 32. Kf1 c2 0-1

[Event "Barents Region-chB"]
[Site "Alta"]
[Date "2003.06.19"]
[Round "6"]
[White "Kazak, Alexander"]
[Black "Bakke, Jan Gunnar"]
[Result "1-0"]
[WhiteElo "1600"]
[BlackElo "1153"]
[PlyCount "72"]
[EventDate "2003.06.??"]
[EventType "swiss"]
[EventRounds "6"]
[EventCountry "NOR"]
[SourceTitle "EXT 2005"]
[Source "ChessBase"]
[SourceDate "2004.11.15"]
[SourceVersion "1"]
[SourceVersionDate "2004.11.15"]
[SourceQuality "1"]

1. c4 e5 2. g3 Nf6 3. Bg2 c6 4. e3 Na6 5. Nc3 Bb4 6. Nge2 0-0 7. 0-0 Re8 8. d4 Bxc3 9. bxc3 d6 10. Ba3 Bf5 11. Qd2 Rb8 12. Rfd1 c5 13. dxc5 dxc5 14. Qxd8 Rexd8 15. Rxd8+ Rxd8 16. Bxb7 Rd6 17. Bxa6 Rxa6 18. Bxc5 h6 19. f4 Bd3 20. Nc1 Bxc4 21. fxe5 Ne4 22. Bd4 Ra3 23. Rb1 Nxc3 24. Rb8+ Kh7 25. Bc5 Ra4 26. a3 a6 27. Rb2 Nb5 28. Rb1 Nc3 29. Ra1 Nb5 30. Kf2 Nc3 31. Ke1 Ne4 32. Bd4 Kg6 33. Ne2 Ra5 34. Nc3 Nxc3 35. Bxc3 Ra4 36. Kd2 a5 1-0

[Event "Alta Bymesterskap"]
[Site "Alta"]
[Date "2003.03.25"]
[Round "11"]
[White "Fedin, Viktor"]
[Black "Bakke, Jan Gunnar"]
[Result "1-0"]
[WhiteElo "1811"]
[BlackElo "1160"]
[PlyCount "73"]
[EventDate "2003.01.??"]
[EventType "swiss"]
[EventRounds "11"]
[EventCountry "NOR"]
[SourceTitle "EXT 2005"]
[Source "ChessBase"]
[SourceDate "2004.11.15"]
[SourceVersion "1"]
[SourceVersionDate "2004.11.15"]
[SourceQuality "1"]

1. d4 Nf6 2. c4 c5 3. d5 b5 4. cxb5 a6 5. Nc3 g6 6. e4 d6 7. Nf3 Bg7 8. Bd2 0-0 9. Bd3 axb5 10. Nxb5 Nbd7 11. Bc3 Nb6 12. a4 Ba6 13. a5 Nbd7 14. Qe2 Qb8 15. 0-0 Ne8 16. Rfb1 Nc7 17. Nxc7 Bxd3 18. Qxd3 Qxc7 19. Bxg7 Kxg7 20. Qc3+ Kg8 21. b4 Rfb8 22. b5 Rb7 23. Nd2 Qb8 24. Qb3 Qd8 25. Nc4 Ne5 26. Nb6 Rab8 27. Qa4 Qe8 28. Ra3 Nd7 29. Nc4 Ne5 30. Nxe5 dxe5 31. Rab3 Qd7 32. Qc4 Qd6 33. b6 e6 34. dxe6 fxe6 35. Rd3 Qc6 36. Rbd1 Ra8 37. Rd6 1-0

[Event "Alta Bymesterskap"]
[Site "Alta"]
[Date "2003.02.18"]
[Round "6"]
[White "Bakke, Jan Gunnar"]
[Black "Aas, Ole Johan"]
[Result "0-1"]
[WhiteElo "1160"]
[BlackElo "1133"]
[PlyCount "100"]
[EventDate "2003.01.??"]
[EventType "swiss"]
[EventRounds "11"]
[EventCountry "NOR"]
[SourceTitle "EXT 2005"]
[Source "ChessBase"]
[SourceDate "2004.11.15"]
[SourceVersion "1"]
[SourceVersionDate "2004.11.15"]
[SourceQuality "1"]

1. d4 Nf6 2. c4 e6 3. Nf3 d5 4. e3 c6 5. a3 Bd6 6. Nc3 0-0 7. Qc2 Qa5 8. c5 Be7 9. Bd2 Qd8 10. Bd3 h6 11. Ne5 Nbd7 12. f4 Re8 13. Nf3 a5 14. 0-0 b6 15. Ne5 Qc7 16. b4 Ba6 17. Na4 Bxd3 18. Nxd3 Ne4 19. Be1 b5 20. Nc3 axb4 21. Nxe4 dxe4 22. Nxb4 Nf6 23. Bd2 Ra7 24. Ra2 Rea8 25. Rfa1 Ra4 26. Be1 Nd5 27. Qxe4 Nxb4 28. Bxb4 f5 29. Qxe6+ Kf8 30. Qxf5+ Bf6 31. Qd3 Re8 32. Re1 Raa8 33. Kf1 Re7 34. Rae2 Rae8 35. g3 Kg8 36. Qb3+ Kh8 37. Bd2 Rf8 38. Bb4 Qc8 39. Kg2 Rfe8 40. Qd3 Qd7 41. Bc3 Re4 42. Rf1 Qd5 43. Kg1 Qh5 44. Rfe1 Qd5 45. Kf2 h5 46. Rd1 h4 47. g4 g5 48. fxg5 Bxg5 49. Rde1 Rf8+ 50. Kg1 Rxg4+ 0-1

[Event "Tromsoesjakken-B"]
[Site "Tromsoe"]
[Date "2002.11.03"]
[Round "6"]
[White "Bakke, Jan Gunnar"]
[Black "Jernberg, Karl Petter"]
[Result "1-0"]
[WhiteElo "1057"]
[BlackElo "826"]
[PlyCount "75"]
[EventDate "2002.??.??"]
[EventType "swiss"]
[EventRounds "7"]
[EventCountry "NOR"]
[SourceTitle "EXT 2007"]
[Source "ChessBase"]
[SourceDate "2006.11.23"]
[SourceVersion "1"]
[SourceVersionDate "2006.11.23"]
[SourceQuality "1"]

1. d4 d5 2. c4 e6 3. Nc3 Bb4 4. Nf3 c5 5. a3 Bxc3+ 6. bxc3 Qc7 7. e3 Nf6 8. Qc2 0-0 9. Bd3 cxd4 10. cxd4 dxc4 11. Qxc4 Nc6 12. Bb2 Qd6 13. 0-0 Bd7 14. Rfc1 Rac8 15. Qc5 Qb8 16. Qa5 h6 17. Qc5 Nd8 18. Qe5 Rxc1+ 19. Rxc1 Qxe5 20. Nxe5 Nc6 21. Nxd7 Nxd7 22. Be4 Ndb8 23. Rc5 f5 24. Bf3 Kh7 25. g3 g5 26. d5 exd5 27. Rxd5 Rf7 28. Rb5 g4 29. Bd5 Rd7 30. Be6 Rd1+ 31. Kg2 Kg6 32. Bxf5+ Kf7 33. Rxb7+ Kf8 34. Bxg4 Rd8 35. Bg7+ Kg8 36. Be6+ Kh7 37. Bf6+ Kg6 38. Bxd8 1-0

[Event "Tromsoesjakken-B"]
[Site "Tromsoe"]
[Date "2002.11.03"]
[Round "7"]
[White "Storslett, Roald"]
[Black "Bakke, Jan Gunnar"]
[Result "1-0"]
[WhiteElo "1183"]
[BlackElo "1057"]
[PlyCount "77"]
[EventDate "2002.??.??"]
[EventType "swiss"]
[EventRounds "7"]
[EventCountry "NOR"]
[SourceTitle "EXT 2007"]
[Source "ChessBase"]
[SourceDate "2006.11.23"]
[SourceVersion "1"]
[SourceVersionDate "2006.11.23"]
[SourceQuality "1"]

1. d4 Nf6 2. c4 g6 3. Nc3 Bg7 4. Bf4 d6 5. Rc1 0-0 6. h3 Bf5 7. Nf3 c6 8. e3 Re8 9. Be2 Na6 10. 0-0 Rc8 11. c5 Nc7 12. cxd6 exd6 13. Qb3 Rb8 14. Qa3 Bf8 15. Qxa7 Nfd5 16. Bg3 Nxc3 17. Rxc3 Qc8 18. Qa3 Ra8 19. Qb3 Ra7 20. a3 Nd5 21. Rcc1 h6 22. Bc4 Be6 23. Nd2 Nf6 24. Bxe6 Qxe6 25. Qxe6 Rxe6 26. Rc2 Ra5 27. Rfc1 g5 28. Rc3 Rb5 29. Rb3 Rxb3 30. Nxb3 Ne4 31. Bh2 d5 32. Na5 Re7 33. f3 Nf6 34. Rc3 Rd7 35. Rb3 b5 36. Nxc6 Bd6 37. Rxb5 Bxh2+ 38. Kxh2 Rc7 39. Nb4 1-0

[Event "Alta op"]
[Site "Alta"]
[Date "2002.09.24"]
[Round "4"]
[White "Pedersen, Birger"]
[Black "Bakke, Jan Gunnar"]
[Result "1/2-1/2"]
[WhiteElo "1167"]
[BlackElo "1057"]
[PlyCount "152"]
[EventDate "2002.09.??"]
[EventType "swiss"]
[EventRounds "10"]
[EventCountry "NOR"]
[SourceTitle "EXT 2005"]
[Source "ChessBase"]
[SourceDate "2004.11.15"]
[SourceVersion "1"]
[SourceVersionDate "2004.11.15"]
[SourceQuality "1"]

1. g3 d5 2. Bg2 Nf6 3. Nf3 Nc6 4. 0-0 e6 5. Re1 Bd6 6. c3 0-0 7. d4 b6 8. Bg5 Be7 9. Bxf6 Bxf6 10. e4 Rb8 11. Nbd2 Bb7 12. b4 a5 13. b5 Ne7 14. e5 Nc8 15. exf6 gxf6 16. a4 Nd6 17. Bf1 Qe7 18. Bd3 Qd7 19. Qc2 h6 20. Nf1 Nc4 21. Qc1 Kg7 22. Qf4 Rh8 23. Bxc4 dxc4 24. Ne3 Qd6 25. Qxd6 cxd6 26. Nh4 Rbc8 27. Rad1 Be4 28. Rd2 Bd3 29. Nd1 Rhg8 30. Nb2 Bh7 31. d5 e5 32. Ng2 Rc5 33. Ne3 Rgc8 34. g4 Kh8 35. f3 Bg6 36. h4 h5 37. Kf2 hxg4 38. fxg4 Be4 39. Ke2 Kh7 40. Rf1 Kg6 41. h5+ Kg5 42. Rf2 Bd3+ 43. Ke1 Be4 44. Rh2 Kh6 45. Rhf2 Kg5 46. h6 Rh8 47. Rh2 Bf3 48. Nbxc4 Rxh6 49. Rxh6 Kxh6 50. Nxd6 Rxc3 51. Ndf5+ Kg5 52. d6 Rc8 53. d7 Rd8 54. Nd6 Kg6 55. Nb7 Bxb7 56. Nc4 Kg7 57. Nxb6 Kf8 58. Rc2 Ke7 59. Rc7 Bf3 60. Ra7 Bxg4 61. Rxa5 Bxd7 62. Ra7 Kd6 63. Nxd7 Rxd7 64. Ra6+ Kc5 65. Rxf6 Kb4 66. Ra6 e4 67. b6 Kc5 68. Ra7 Rd8 69. b7 Rb8 70. a5 Kc6 71. Kd2 Rxb7 72. Ra6+ Kc7 73. Rf6 Kb8 74. Ke3 Ka7 75. Kxe4 Rb5 76. Rxf7+ Ka6 1/2-1/2